000 00499nam a2200169Ia 4500
003 OSt
005 20250422101808.0
008 190216s9999||||xx |||||||||||||| ||und||
040 _coclc
082 _a894.8123
_bSET/N
100 _aSethu
_96440
245 0 _aNavagrahangalude Thadavara /
_cSethu ; Punathil Kunhabdulla
260 _bD C Books Kerala,
_c1975.
_aKottayam:
300 _a188p
650 _aMalayalam Novel
942 _cBK
_2ddc
_h894.8123
_iSET/N
_k894.8123
_mSET/N
999 _c26714
_d26714